Dywizje Mistrzostw Świata 2024 w hokeju na lodzie - Statystyki

Ogólne statystyki
  • Ten quiz został rozwiązany 145 razy
    66 od ostatniego zresetowania
  • Średni wynik to 44 z 56
Statystyki odpowiedzi
Kraje % Poprawnych
Finlandia
100%
Łotwa
100%
Litwa
98%
Norwegia
98%
Polska
98%
Słowacja
98%
Szwecja
98%
Wielka Brytania
98%
Austria
96%
Dania
96%
Japonia
96%
Włochy
96%
Czechy
94%
Estonia
94%
Hiszpania
94%
Kanada
94%
Stany Zjednoczone
94%
Szwajcaria
94%
Ukraina
94%
Francja
92%
Kazachstan
92%
Korea Południowa
92%
Słowenia
92%
Niemcy
91%
Rumunia
91%
Chorwacja
89%
Węgry
89%
Chiny
87%
Islandia
85%
Holandia
83%
Australia
81%
Belgia
81%
Meksyk
81%
Serbia
81%
Turcja
81%
Gruzja
77%
Bułgaria
75%
Nowa Zelandia
75%
Mongolia
70%
RPA
70%
Korea Północna
68%
Luksemburg
68%
Bośnia i Hercegowina
66%
Indonezja
66%
Tajlandia
66%
Iran
60%
Filipiny
55%
Izrael
53%
Kirgistan
53%
Zjednoczone Emiraty Arabskie
49%
Malezja
47%
Turkmenistan
47%
Chińskie Tajpej
38%
Kuwejt
36%
Singapur
32%
Hongkong
17%
Nie znaleziono quizów pasujących do podanych kryteriów
Rozkład punktacji
Procent ludzi z każdym wynikiem
Percentyl według liczby udzielonych odpowiedzi
Twoja historia wyników
Nie rozwiązałeś tego quizu od ostatniego zresetowania